| 000 | 00548nam a22001577a 4500 | ||
|---|---|---|---|
| 020 | _qHard Cover. | ||
| 082 | _a621.39 | ||
| 100 | _aFarrukh, Fatima Arneeb | ||
| 245 |
_aDesign and development of synthetic data generator and processor for FMCW imaging radar / _cFatima Arneeb Farrukh. |
||
| 260 |
_aIslamabad: _bCEME - NUST, _c2012. |
||
| 300 |
_a69 p. : _bill. ; _c30cm. |
||
| 650 |
_aComputer Engineering MS-Thesis. _916083 |
||
| 700 |
_aDr. Shoab Ahmed Khan _916053 |
||
| 942 |
_2ddc _cTHE |
||
| 999 |
_c540701 _d540701 |
||